Use of Multiple Correspondence Analysis to Identify the Influence of Risk Attitude on Trading Behaviour

Obchodné správanie je charakterizované úspechom investičnej aktivity a frekvenciou obchodu na zahraničných výmenných trhoch. Obchodovanie na zahraničných výmenných trhoch bolo uskutočnené v reálnych podmienkach prostredníctvom elektronickej obchodnej platformy skupinou univerzitných študentov. Štúdi...

Description complète

Enregistré dans:
Détails bibliographiques
Auteur principal: Mikulec, Ondřej
Format: Chapitre de livre
Langue:anglais
Sujets:
Tags: Ajouter un tag
Pas de tags, Soyez le premier à ajouter un tag!

MARC

LEADER 00000naa a2200000 4500
001 0242027
005 20180413142023.2
041 0 |a eng 
044 |a CZ 
245 1 0 |a Use of Multiple Correspondence Analysis to Identify the Influence of Risk Attitude on Trading Behaviour  |c Ondřej Mikulec 
520 |a Obchodné správanie je charakterizované úspechom investičnej aktivity a frekvenciou obchodu na zahraničných výmenných trhoch. Obchodovanie na zahraničných výmenných trhoch bolo uskutočnené v reálnych podmienkach prostredníctvom elektronickej obchodnej platformy skupinou univerzitných študentov. Štúdia empiricky potvrdzuje vzťahy medzi pozorovanými sadami kategorických premenných a definuje vzorce v daných vzťahoch. 
610 2 0 |a analýza finančná 
610 2 0 |a trhy 
610 2 0 |a trh finančný 
610 2 0 |a obchodníci 
610 2 0 |a správanie 
610 2 0 |a riziko finančné 
610 2 0 |a riziko obchodné 
610 2 0 |a obchod elektronický 
100 1 |a Mikulec, Ondřej